European Countries by Google Maps Cover Photo - Statistics

General Stats
  • This quiz has been taken 24 times
  • The average score is 22 of 44
Answer Stats
Picture Answer % Correct
Italy
100%
Vatican City
90%
Iceland
80%
Slovenia
80%
Monaco
75%
Greece
70%
Liechtenstein
70%
Malta
70%
Norway
70%
Ireland
65%
Montenegro
65%
San Marino
65%
Austria
60%
France
60%
Luxembourg
60%
Portugal
60%
United Kingdom
60%
Andorra
50%
Croatia
50%
Czechia
50%
Germany
50%
Estonia
45%
Finland
45%
Sweden
45%
Latvia
40%
Lithuania
40%
Moldova
40%
Netherlands
40%
Slovakia
40%
Albania
35%
Belgium
35%
Bosnia and Herzegovina
35%
Denmark
35%
Hungary or Kosovo
35%
North Macedonia
35%
Poland
35%
Spain
35%
Switzerland
35%
Bulgaria
30%
Romania
30%
Russia
30%
Serbia
30%
Ukraine
30%
Belarus
25%
No matching quizzes found
Score Distribution
Percent of People with Each Score
Percentile by Number Answered
Your Score History
You have not taken this quiz